Fußball WM Teilnehmer? #3 - Statistiken

Allgemein
  • Dieses Quiz wurde 281 mal gespielt
    25 seit der letzten Aktualisierung
  • Das Durchschnittsergebnis liegt bei 14 aus 15
Antwortstatistiken
Hint Antwort % Korrekt
Südafrika Ja
100%
Südkorea Ja
100%
Russland Ja
100%
Spanien Ja
100%
Senegal Ja
100%
Ägypten Ja
100%
Äthiopien Nein
100%
Malaysia Nein
100%
Fidschi Nein
100%
Peru Ja
95%
Irland Ja
95%
Serbien Ja
90%
Jamaika Ja
70%
Kuba Ja
55%
El Salvador Ja
45%
Keine übereinstimmenden Quizze gefunden
Verteilung der Resultate
Anzahl Personen mit jedem Resultat
Perzentil nach korrekt beantworteten Fragen
Ihre Resultats-Entwicklung
Sie haben dieses Quiz seit der letzten Aktualisierung nicht gespielt